| 000 | 01393cam a2200265 4500 | ||
|---|---|---|---|
| 001 | ABS65947 | ||
| 008 | 021007n2002 000 0 eng u | ||
| 035 | _a(Sirsi) u120011 | ||
| 100 | _aRandall, B | ||
| 245 | _aSustaining the future | ||
| 260 | _c2002 | ||
| 490 |
_aHousing _vSeptember 2002, 23-25(3) |
||
| 520 | _aPreviews the main recommendations of "Foundations for the future", a comprehensive guide to sustainable development aimed at the housing association sector. Emphasises that working with others to build sustainable communities is core housing association business. The guide has two parts: how boards can adopt a strategic approach to sustainable development; practical advice for staff including sustainability checklists and 26 case studies. Two case studies accompany the article. The guide is freely available - t +44 (0)20 8973 0429; e [email protected] ; downloadable from www.sustainablehomes.co.uk/. | ||
| 590 | _aABS | ||
| 650 | _aSUSTAINABLE DEVELOPMENT | ||
| 650 | _aHOUSING CORPORATION | ||
| 650 | _aHOUSING ASSOCIATIONS | ||
| 650 | _aSUSTAINABLE COMMUNITIES | ||
| 650 | _aSOCIAL HOUSING | ||
| 650 | _aSUSTAINABLE BUILDINGS | ||
| 650 | _aSOCIAL HOUSING | ||
| 690 | _aHOUSING-DEVELOPMENT | ||
| 856 |
_uhttps://www.sustainablehomes.co.uk/indexproj.htm _vView "Foundations for the future" on the Sustainable Homes website... |
||
| 942 | _n0 | ||
| 999 |
_c71312 _d71312 |
||